000 00343nam a2200145Ia 4500
008 230312s9999||||xx |||||||||||||| ||und||
020 _a0-19-947628-4
082 _a004.68
_bDIN-M
100 _aBukhuth;Shakoor
245 0 _aAdobe in Desighn CC
260 _bOxford
_aUK
_c2017
300 _a964
650 _aComputer
_vComputer
942 _cBK
999 _c15142
_d15142